| 000 | 00357nam a22001571a 4500 | ||
|---|---|---|---|
| 020 | _a9788121403825 | ||
| 082 |
_aH3 _bMAN/K |
||
| 100 | _aManjul Bhagat | ||
| 245 |
_aKhaatul/ _cby Manjul Bhagat |
||
| 260 |
_aNew Delhi: _bNational, _c1990. |
||
| 300 | _a87p. | ||
| 650 | _aNovel Hindi | ||
| 650 | _aLiterature Hindi | ||
| 650 | _aLiterature | ||
| 942 | _cBK | ||
| 999 |
_c24127 _d24127 |
||